ბათუმის შოთა რუსთაველის სახელმწიფო უნივერსიტეტის ბიბლიოთეკა

Career Development interventions in the 21st Century (ბიბ.ჩანაწერი № 51470)

000 -LEADER
fixed length control field 00712nam a2200241Ia 4500
001 - CONTROL NUMBER
control field 18456
003 - CONTROL NUMBER IDENTIFIER
control field GE_BSU
008 - FIXED-LENGTH DATA ELEMENTS--GENERAL INFORMATION
fixed length control field 181216s||||||||xx |||||||||||||| ||und||
020 ## - INTERNATIONAL STANDARD BOOK NUMBER
International Standard Book Number 9781292041896
040 ## - CATALOGING SOURCE
Transcribing agency GE_BSU
080 ## - UNIVERSAL DECIMAL CLASSIFICATION NUMBER
Universal Decimal Classification number 658
100 ## - MAIN ENTRY--PERSONAL NAME
Personal name Niles,S. Harris-Bowlsbey,J.
245 ## - TITLE STATEMENT
Title Career Development interventions in the 21st Century
250 ## - EDITION STATEMENT
Edition statement Pearson New International Edition. Fourth edition
260 ## - PUBLICATION, DISTRIBUTION, ETC.
Place of publication, distribution, etc. Harlow
260 ## - PUBLICATION, DISTRIBUTION, ETC.
Name of publisher, distributor, etc. Pearson
260 ## - PUBLICATION, DISTRIBUTION, ETC.
Date of publication, distribution, etc. 2014
300 ## - PHYSICAL DESCRIPTION
Extent 420p. 28cm.
653 ## - INDEX TERM--UNCONTROLLED
Uncontrolled term Career Development interventions in the 21st Century
653 ## - INDEX TERM--UNCONTROLLED
Uncontrolled term კარიერა, მართვა.
653 ## - INDEX TERM--UNCONTROLLED
Uncontrolled term შრომის ორგანიზაცია
942 ## - ADDED ENTRY ELEMENTS (KOHA)
Koha item type წიგნი
ეგზემპლარები
Withdrawn status Lost status Damaged status Not for loan Date acquired Barcode Date last seen Price effective from Koha item type
        2018-12-17 47306 2018-12-17 2018-12-17 წიგნი